00554cam a2200157 4500001000800000005001700008008004100025050001600066082001100082100002700093245012700120260003600247300005600283650002300339700003400362122203920260422150409.0720504s1960 nyubf b 000 0 eng 00aGN645b.O7500a572.961 aOttenberg, Simon,eed.10aCultures and societies of Africa.cEdited, with a general introd., commentaries, and notes, by Simon and Phoebe Ottenberg. aNew York,bRandom Housec[1960] a614 p.bplates, col. map (on lining papers)c24 cm. 0aEthnologyzAfrica.1 aOttenberg, Phoebe,ejoint ed.